| 000 | 00489nam a2200181Ia 4500 | ||
|---|---|---|---|
| 001 | 24058 | ||
| 005 | 20260414151018.0 | ||
| 008 | 260414t1973||||xx |||||||||||||| ||spa|| | ||
| 041 | _aESP | ||
| 082 |
_a759.436 _bU24 |
||
| 100 |
_aUgarte y Ugarte, Joaquin H. _eAUT |
||
| 245 | 0 |
_aEl pintor Tiroles Francis Martín Drexel (1792-1863) en la iconografía boliviana _b |
|
| 260 | _c1973 | ||
| 300 |
_a24 páginas : _c24 cm. |
||
| 650 | _aABD | ||
| 654 | _aCAU | ||
| 942 |
_cLIB _dJUS _fJUS _2ddc _n |
||
| 999 |
_c24058 _d24058 |
||